000 00295nam a22001337a 4500
008 170824b xxu||||| |||| 00| 0 eng d
020 _a0878915109
041 _aeng
080 _a514
100 _a38
101 _aMAT
245 _aTHE GEOMETRY PROBLEM SOLVER
_cFOGIEL,.D.M
942 _2udc
_cBK
999 _c24910
_d24910